000 00979nas a2200253Ia 4500
001 R703/B9373
003 IT-RoPAU
008 151124c99999999xx |||||||||||| ||und||
040 _aIT-RoPAU
040 _cIT-RoPAU
041 _aFRANCESE
100 _aMounin Georges
_gCodice Aut. SPICS: 3498
210 _aSEMIOTICA
222 _aSemiotica
245 _aSEMIOTICA, VOL.96-N.1/2 (1993)
_bPeinture Et Semiologie
250 _a1a ed.
260 _aBERLIN
_bWALTER DE GRUYTER & CO
_c1993
501 _bPaulus - SPICS - Società San Paolo EM (non-commercial uses only)
_cCopyright2015
300 _a15 p. [71-85]
362 _aVOL.96, N.1/2 (1993)
500 _aPittura e Semiologia. Problema Delle Significazioni: Biografica, Psicologica, Sociologica, Storica, Ideologica, Antropologica, Intellettuale, Profonda, Estetica. Estetica della Recezione. Segni, Segnali e Stimoli. Eternità dell'Opera D'Arte.
650 _aSEMIOTICA
_vPUBBLICAZIONE PERIODICA
942 _cCR
999 _c187169
_d187169